000 00500nam a2200169 i 4500
001 33270
003 ES-MaACL
005 20230906154729.0
007 t|
008 030201s1912 xxu ||||1| eng d
100 1 _aBerenson, Bernhard.
_927905
245 1 4 _aThe Florentine painters of the Renaissance
_b: with an index to their works /
_cBernhard Berenson.
250 _a3rd ed.
260 _aNew York :
_bG.P. Putnam's Sons,
_c1912.
300 _aVI, 214 p. ;
_c20 cm.
852 _aES-MaACL
_jF-379
999 _c33270
_d33270